000 01575nam a22004214a 4500
001 ebr10160643
003 CaPaEBR
006 m u
007 cr cn|||||||||
008 060124s2006 enk sb 001 0 eng
010 _z 2006040013
020 _z0195183223
020 _z9780195183221
040 _aCaPaEBR
_cCaPaEBR
035 _a(OCoLC)79256252
050 1 4 _aJZ1308
_b.B48 2006eb
082 0 4 _a306.01
_222
100 1 _aBenhabib, Seyla.
245 1 0 _aAnother cosmopolitanism
_h[electronic resource] /
_cSeyla Benhabib ; with commentaries by Jeremy Waldron, Bonnie Honig, Will Kymlicka ; edited and introduced by Robert Post.
260 _aOxford ;
_aNew York :
_bOxford University Press,
_c2006.
300 _axii, 206 p.
490 1 _aThe Berkeley Tanner lectures
504 _aIncludes bibliographical references (p. [187]-196) and index.
533 _aElectronic reproduction.
_bPalo Alto, Calif. :
_cebrary,
_d2013.
_nAvailable via World Wide Web.
_nAccess may be limited to ebrary affiliated libraries.
650 0 _aCosmopolitanism.
650 0 _aLaw
_xPhilosophy.
650 0 _aHuman rights.
650 0 _aCitizenship.
650 0 _aWorld citizenship.
655 7 _aElectronic books.
_2local
700 1 _aWaldron, Jeremy.
700 1 _aHonig, Bonnie.
700 1 _aKymlicka, Will.
700 1 _aPost, Robert,
_d1947-
710 2 _aebrary, Inc.
830 0 _aBerkeley Tanner lectures.
856 4 0 _uhttp://site.ebrary.com/lib/rucke/Doc?id=10160643
_zAn electronic book accessible through the World Wide Web; click to view
999 _c243258
_d243258